Statistics for QQ&网易云搜索“粤语经典”最先弹出的25首单曲QQ&Netease Music Cantonese Classics Top25

Click here to take the quiz!

General Stats

  • This quiz has been taken 30 times
  • The average score is 12 of 50

Answer Stats

推送顺序单曲% Correct
1海阔天空
90%
5光辉岁月
79%
8富士山下
66%
2富士山下
66%
4千千阙歌/千千阕歌
66%
10千千阙歌/千千阕歌
66%
10喜欢你
59%
21红日
55%
2浮夸
52%
11真的爱你
48%
4单车
45%
9月半小夜曲
41%
12月半小夜曲
41%
5处处吻
34%
16处处吻
34%
7喜帖街
31%
8下一站天后
24%
14最佳损友
21%
1讲不出再见
21%
6讲不出再见
21%
9最佳损友
21%
14护花使者
21%
13灰色轨迹
17%
3灰色轨迹
17%
16你瞒我瞒
17%
18一生所爱
17%
18冷雨夜
17%
3晚风心里吹
14%
23遥远的她
14%
24不再犹豫
10%
15分分钟需要你
10%
12野孩子
10%
17不浪漫罪名
7%
22暗里着迷
7%
6不浪漫罪名
7%
17孤雏
3%
24一格格
3%
20只想一生跟你走
3%
11谁明浪子心
3%
19好心分手
3%
13一起走过的日子
3%
7情意结
0%
15一生中最爱
0%
19天若有情
0%
20一生中最爱
0%
21紫荆花盛开
0%
25一生不变
0%
23越难越爱
0%
22爱的故事(上集)
0%
25半点心
0%

Score Distribution

Percentile by Number Answered

Percent of People with Each Score

Your Score History

You have not taken this quiz